Datum a čas kvízu
23
Celkem bodů
Celkový počet nahraných bodů na tomto kvízu bez doplňovacích otázek.
12.
Pořadí na kvízu
Konečné umístění týmu na tomto kvízu.
Zaznamenané odpovědi
| # | Otázka | Odpověď | Body | Výsledky |
|---|---|---|---|---|
| 1. | Tramvaje Dopravního podniku hl... | NATO | 0 | |
| 2. | Dvaaosmdesátiletý prezident Ab... | Alžírsko | 0 | |
| 3. | Ve finské Heinole se koná MS v... | Žár | 1 | |
| 4. | Od 11. do 17. března proběhl n... | Týden mozku | 0 | |
| 5. | Páteční los určil čtvrtfinálov... | 1C 2A 3B 4D | 1 | |
| 1. | Toto téma jste vybrali prostře... | DEA | 0 | |
| 2. | Hlavní postava seriálu Ve jmén... | Írán | 0 | |
| 3. | V seriálu Boardwalk Empire ovl... | Atlantic City | 0 | |
| 4. | Herečku Robin Wrightovou, jedn... | Forrest Gump | 0 | |
| 5. | Ve filmech jako Tmavomodrý svě... | David Novotný | 0 |